| 000 | 00000nam##2200000za#4500 |
| 001 | 9.696691 |
| 003 | CaOODSP |
| 005 | 20210624235140 |
| 007 | cr ||||||||||| |
| 008 | 150407|2007||||xxc|||||o f|0| 0 eng|d |
| 040 | |aCaOODSP|beng |
| 043 | |an-cn--- |
| 086 | 1 |aFs23-501/2004E-PDF |
| 110 | 1 |aCanada.|bDepartment of Fisheries and Oceans.|bPolicy Sector. |
| 245 | 10|aCosts and Earnings Survey 2004, Atlantic Region report / |h[electronic resource]|cby Economic Analysis and Statistics. |
| 260 | |aOttawa - Ontario : |bFisheries and Oceans Canada. |cc2007. |
| 300 | |a72p.|bfigs., references, tables |
| 500 | |aThe catalogue number (Fs23-501/2004E) and ISBN (978-0-662-45275-1) for the print edition have been incorrectly copied in this electronic publication. |
| 590 | |a12-38-Supp|b2012-09-27 |
| 690 | 07|aAtlantic provinces|2gcpds |
| 690 | 07|aCosts|2gcpds |
| 690 | 07|aIncome|2gcpds |
| 775 | 08|tEnquête sur les coûts et les revenus 2004, rapport de la région de l'Atlantique / |w(CaOODSP)9.640799 |
| 776 | 0#|tCosts and Earnings Survey 2004, Atlantic Region report / |w(CaOODSP)9.650515 |
| 856 | 40|ahttp://publications.gc.ca|qPDF|s1.80 MB|uhttps://publications.gc.ca/collections/collection_2012/mpo-dfo/Fs23-501-2004-eng.pdf |
| 986 | |aDFO/2006-1143 |